| 000 | 01055nam a2200253 i 4500 | ||
|---|---|---|---|
| 001 | bg | ||
| 245 | 0 | 0 |
_aWspółczesne metody konstrukcji i technologii elementów uzębionych : _bIII [trzecia] Konferencja Naukowo-Techniczna Łódź-Arturówek, 24-25. / _corg. Instytut Obrabiarek i Technologii Budowy Maszyn Politechniki Łódzkiej, Zarząd Główny Stowarzyszenia Inżynierów i Techników Mechaników Polskich SIMP ; kom. nauk. Andrzej Ciszewski [et al.] _n1. _n7 r. |
| 260 |
_aŁódź : _bIOiTBM PŁ, _c1997. |
||
| 300 |
_a212 s. : _bfot., rys., wykr. ; _c23 cm. |
||
| 500 | _aTekst część. w jęz. pol. i ang. | ||
| 504 | _aBibliogr., summ. przy ref. - Wykaz publikacji s. 199-212. | ||
| 650 | 9 | _aSkrawanie | |
| 650 | 9 | _aPrzekładnie | |
| 650 | 9 | _aKoła zębate | |
| 655 | _aMateriały konferencyjne | ||
| 700 | 1 |
_aCISZEWSKI, Andrzej. _eRed. |
|
| 020 | _a8390894904 | ||
| 040 | _cBPK | ||
| 041 | 0 |
_aenpl _ben |
|
| 080 | _a621.9:621.82/.85](061.3) | ||
| 920 | _a83-908949-0-4 | ||
| 942 | _cKS | ||
| 008 | s pl f |000 0 pol | ||
| 999 |
_c32564 _d32564 |
||
| 856 |
_uhttp://koha.tu.koszalin.pl/cgi-bin/koha/opac-detail.pl?biblionumber=32564 _yKatalog online BPK |
||